• 首页
  • 本馆介绍
  • 公告通知
  • 最新文献
  • 馆藏检索
  • 电子资源
  • 读者导购
  • 参考咨询
  • 我的图书馆
  • 登录
  • 详细信息显示
  • 放入我的书架
  • 预约/预借图书
  • 作者相关作品
  • 分类相关作品
  • 丛书相关作品
  • 出版社相关作品

书目信息

  • 表格格式
  • 工作单格式
  • 卡片格式
题名:
南齐书
    
 
作者: 萧子显 著
分册: 第一册   卷一至卷一五(纪志)
出版信息: 北京   中华书局  1972.1
页数: 310页
开本: 20cm
丛书名:
单 册:
中图分类: K239.1
科图分类:
主题词: 中国--古代史--南朝时代
电子资源:
ISBN:
000 00518nam0 2200181 45
001 0312221749
005 20051103090835.92
010    @dCNY3.60(3册)
100    @a20031222d1972 km y0chiy0120 ea
101    @achi
200 1  @a南齐书@ANan Qi Shu@h第一册@i卷一至卷一五(纪志)@f(梁)萧子显著@F(Liang)Xiao Zi Xian Zhu
210    @a北京@c中华书局@d1972.1
215    @a310页@d20cm
606 0  @a中国@x古代史@x南朝时代
690    @aK239.1@v3
701 0  @a萧子显@4著
801    @aCN@bTSTCL@c20051103
905    @dK239.1@e9:1@b54266@f1
    
    南齐书.第一册.卷一至卷一五(纪志)/(梁)萧子显著.-北京:中华书局,1972.1
    310页;20cm
    
    
    ISBN :CNY3.60(3册)
    
●
相关链接 在E读中查询图书 在五车中查询图书 在当当中查询图书 在豆瓣中查询图书


正题名:南齐书     索取号:K239.1/9:1         预约/预借

序号 登录号 条形码 馆藏地/架位号 状态 备注
1 0054265   202134911   密集书库/ [索取号:K239.1/9:1] 在馆    
2 0054266   001283033   第二借阅区/ [索取号:K239.1/9:1] 在馆    
3 0102697   001714452   密集书库/ [索取号:K239.1/9:1] 在馆    
4 0102698   001283015   第二样本阅览室/ [索取号:K239.1/9:1] 在馆    
5 0103335   202134957   密集书库/ [索取号:K239.1/9:1] 在馆    
6 0103336   001283024   第二借阅区/ [索取号:K239.1/9:1] 在馆    
唐山师范学院图书馆 欢迎您!
大连网信软件有限公司© 版权所有